00992nam a22002537a 4500003000400000005001700004008004100021020001800062040001400080100003100094245018000125264005700305300003700362336002700399337002700426338002800453490002200481504006000503650005700563651003700620700003100657700002800688830002200716OSt20231004092809.0230919s2015 mx a||||r|||| 001 0 spa d a9786077673436 cCHAPerda1 aCuecuecha Mendoza, Alfredo10aCenso de instituciones microfinancieras y su oferta de servicios en el Estado de Tlaxcala /cpor Alfredo Cuecuecha Mendoza, Alfonso Pérez Sánchez y Patricia Meneses Ortiz. 1aTlaxcala, México :bEl Colegio de Tlaxcala,c2015. a42 páginas:bcuadros, figuras. 2rdacontentatextobtxt 2rdamediaasin mediobn 2rdacarrieravolumenbnc1 aCuadernos Coltlax aIncluye referencias bibliográficas : páginas 37-38. 4aInstituciones financieraszMéxico, Tlaxcala (Edo.) 4aTlaxcalaxDesarrollo económico1 aPérez Sánchez, Alfonso1 aMeneses Ortiz, Patricia 0aCuadernos Coltlax